000 00784nam a2200253Ia 4500
003 OSt
005 20220927110453.0
006 a|||||r|||| 00| 0
007 ta
008 220926b |||||||| |||| 00| 0 eng d
024 _a109759
037 _cReports
040 _aRTL
_cRTL
_beng
041 _2eng
_aeng
082 _a"X9(M71):93.2.N57t, K0/GO"
110 _a"INDIA,CENTRAL WAGE BOARD FOR THE COTTON TEXTILE INDUSTRY."
_9378573
245 0 _aReport
260 _aDelhi
_bManager Of Publication India
_c1960
300 _a70p.
_ccm.
650 _aCotton Industry
_9356596
700 _a"INDIA,CENTRAL WAGE BOARD FOR THE COTTON TEXTILE INDUSTRY."
_9378574
942 _h"X9(M71):93.2.N57t, K0/GO"
_cCC
999 _c696874
_d696874